What do these three things have in common #2 - Statistics

General Stats
  • This quiz has been taken 410 times
  • The average score is 6 of 20
Answer Stats
Clue 1 Clue 2 Clue 3 Answer % Correct
Louis Paul Augustine US cities starting with "saint"
61%
Panama Fez Baseball Hats
53%
Franklin Clocktower 10 Ben
51%
Child Goat Joke Kid
49%
Ship Rainbow Joan Arc/Ark
48%
Camellia Sinensis Golf Shirts Tea/Tee
46%
Poison Brown Holly and ___ Ivy
40%
Charlie Bags Bear Brown
33%
Long Easter Ascension Islands
31%
Vegetable Raquetball Crush Squash
31%
Oil 1971 musical Country Grease/Greece
26%
Garden Potato Fruit Salads
26%
Cheese Yellow Pan Cakes
22%
18-wheeler Erect, as a sail Jerry Rig
19%
Lion Crab Fish Zodiac animals
18%
Wed Brandybuck Madonna Marry/Merry/Mary
17%
Hearts Even Bread Things you break
17%
Italian Olympic Korean Peninsulas
5%
Fight Queue Crew Row
5%
Moon Basket Mouth Things you shoot
2%
No matching quizzes found
Score Distribution
Percent of People with Each Score
Percentile by Number Answered
Your Score History
You have not taken this quiz